| 000 | 005460000a22001810004500 | ||
|---|---|---|---|
| 003 | MACL | ||
| 005 | 20160218125314.0 | ||
| 008 | 160218b xxu||||| |||| 00| 0 eng d | ||
| 040 |
_aMACL _cMACL |
||
| 041 | _aHindi | ||
| 082 | _a380 | ||
| 100 |
_aगुप्त डॉ. सोहनलाल _938183 |
||
| 245 | _aअंकेक्ष्णा के सिद्धान्त | ||
| 260 |
_bसरोज प्रकाशन _c1960 _aइलाहाबाद |
||
| 350 | _a5 | ||
| 650 |
_aTrade _938847 |
||
| 942 |
_cHIN _k380 _2ddc |
||
| 999 |
_c25276 _d25276 |
||